Arrangements for handling heritage applications (Record no. 110264)

MARC details
000 -LEADER
fixed length control field 01253cad a22002415a 4500
001 - CONTROL NUMBER
control field L148851
008 - FIXED-LENGTH DATA ELEMENTS--GENERAL INFORMATION
fixed length control field 091117e20091113xxk f l f000 0 eng d
020 ## - INTERNATIONAL STANDARD BOOK NUMBER
International Standard Book Number 9780117540187
035 ## - SYSTEM CONTROL NUMBER
System control number (Sirsi) u148851
041 0# - LANGUAGE CODE
Language code of text/sound track or separate title eng
050 04 - LIBRARY OF CONGRESS CALL NUMBER
Classification number 690.241 $2 18
110 1# - MAIN ENTRY--CORPORATE NAME
Corporate name or jurisdiction name as entry element United Kingdom
Subordinate unit Department for Communities and Local Government
9 (RLIN) 4939
245 00 - TITLE STATEMENT
Title Arrangements for handling heritage applications
Remainder of title notification to the Secretary of State (England), Direction 2009
Medium [electronic resource]
260 ## - PUBLICATION, DISTRIBUTION, ETC.
Place of publication, distribution, etc. London
Name of publisher, distributor, etc. DCLG
Date of publication, distribution, etc. 2009
490 #0 - SERIES STATEMENT
Series statement DCLG Communities and Local Government Circular
Volume/sequential designation 08/2009
520 ## - SUMMARY, ETC.
Summary, etc. This direction, annexed to the circular, removes the requirement for local planning authorities to notify the Secretary of State of applications for listed building consent, except in the case of applications to which English Heritage or one of the National Amenity Societies objected.
521 2# - TARGET AUDIENCE NOTE
Target audience note Advanced
590 ## - LOCAL NOTE (RLIN)
Local note KA NTK
651 #4 - SUBJECT ADDED ENTRY--GEOGRAPHIC NAME
Geographic name England
Chronological subdivision 886-
690 ## - LOCAL SUBJECT ADDED ENTRY--TOPICAL TERM (OCLC, RLIN)
Topical term or geographic name as entry element BUILT ENVIRONMENT-BUILDING TYPES-ANCIENT MONUMENTS AND HISTORIC BUILDINGS-LISTED BUILDINGS
856 40 - ELECTRONIC LOCATION AND ACCESS
Uniform Resource Identifier <a href="https://www.communities.gov.uk/publications/planningandbuilding/circularheritage">https://www.communities.gov.uk/publications/planningandbuilding/circularheritage</a>
Public note View the circular free of charge at www.communities.gov.uk...
942 ## - ADDED ENTRY ELEMENTS (KOHA)
Suppress in OPAC 0
Holdings
Withdrawn status Lost status Source of classification or shelving scheme Damaged status Not for loan Home library Current library Shelving location Date acquired Total Checkouts Full call number Barcode Date last seen Copy number Price effective from Koha item type
    Dewey Decimal Classification     Virtual Virtual Online 17/11/2009   ONLINE PUBLICATION 148851-2001 06/08/2019 1 06/08/2019 Book